Oracle8:/ (Record no. 62969)

MARC details
000 -LEADER
fixed length control field 00521nam a22001577a 4500
005 - DATE AND TIME OF LATEST TRANSACTION
control field 20120215151531.0
020 ## - INTERNATIONAL STANDARD BOOK NUMBER
International Standard Book Number 007463674
Terms of availability 000.00
035 ## - SYSTEM CONTROL NUMBER
System control number B-26903
100 ## - MAIN ENTRY--PERSONAL NAME
Personal name Abbey,Michael
245 ## - TITLE STATEMENT
Title Oracle8:/
Remainder of title A Beginner's Guide
260 ## - PUBLICATION, DISTRIBUTION, ETC. (IMPRINT)
Place of publication, distribution, etc New Delhi
Name of publisher, distributor, etc Tata Mc Graw Hill
Date of publication, distribution, etc 1999
300 ## - PHYSICAL DESCRIPTION
Extent xxi,765p.
Dimensions 23cms
700 ## - ADDED ENTRY--PERSONAL NAME
Personal name Hutnik, Stephen
9 (RLIN) 42168
942 ## - ADDED ENTRY ELEMENTS (KOHA)
Source of classification or shelving scheme Dewey Decimal Classification
Item type English Books
Classification part 005.756
Call number suffix URM
Holdings
Withdrawn status Lost status Not for loan Collection code Home library Current library Date acquired Full call number Barcode Koha item type
      Non-fiction Sarojini Nagar Sarojini Nagar 16/02/2012 005.756 URM B-26903 English Books

© Delhi Public Library
Hit Counter
free hit counter